| 000 | 00903nam a2200253Ia 4500 | ||
|---|---|---|---|
| 003 | OSt | ||
| 005 | 20221005113040.0 | ||
| 006 | a|||||r|||| 00| 0 | ||
| 007 | ta | ||
| 008 | 221004b |||||||| |||| 00| 0 pan d | ||
| 020 |
_a8187645155 (hbk) _c580 |
||
| 024 | _a11727 | ||
| 037 |
_b823, 13/03/2014, H.K. Prakashan _cTextual |
||
| 040 |
_aCRL _cCRL _bpan |
||
| 041 |
_2pan _apan |
||
| 082 | _aO153(Y15),1x, Q3 | ||
| 100 | _aਸੁਨੀਲ ਕੁਮਾਰ | ||
| 245 | 0 |
_aਪੰਜਾਬੀ ਨਾਰੀ ਕਾਵਿ _b ਸਰੋਕਾਰ ਅਤੇ ਦ੍ਰਿFਟੀ |
|
| 260 |
_aਦਿੱਲੀ _bਮਨਪੀਰ ਪ੍ਰਕਾFਨ ਭਾਰਤ _c2013 |
||
| 300 |
_a384ਪੰ _ccm. |
||
| 650 | _aਪੰਜਾਬੀ ਸਾਹਿਤ | ||
| 942 |
_hO153(Y15),1x, Q3 _cTEXL _2cc |
||
| 999 |
_c1026882 _d1026882 |
||